[Event "London WFW"]
[Site "London"]
[Date "1989.??.??"]
[Round "?"]
[White "Suba, Mihai"]
[Black "Arkell, Keith C"]
[Result "1/2-1/2"]
[WhiteElo "2515"]
[BlackElo "2445"]

1.g3 d5 2.Nf3 c6 3.Bg2 Bg4 4.c4 e6 5.O-O Nf6 6.Qb3 Qb6 7.h3 Bh5 8.Nc3 Nbd7
9.d3 Nc5 10.Qxb6 axb6 11.Be3 Be7 12.cxd5 Bxf3 13.Bxf3 Nxd5 14.Nxd5 exd5 15.b4 Ne6
16.b5 Bc5 17.Bxc5 bxc5 18.bxc6 bxc6 19.Rfb1 Nd4 20.a4 O-O 21.a5 Ra6 22.Kg2 Rfa8
23.e3 Nxf3 24.Kxf3 Kf8 25.Ra2 Rxa5 26.Rc2 Ke7 27.Rb7+ Ke6 28.Rc7 R8a6 29.Rb2 c4
30.dxc4 dxc4 31.Rc2 Rc5 32.Ke4 Ra4 33.g4 g5 34.Kd4 Rd5+ 35.Ke4 c3+ 36.Kf3 Rc4
37.Ke2 Rd6 38.Rc8 Kd5 39.Rf8 Rd7 40.Ra8 h6 41.Ra5+ Rc5  1/2-1/2

[Event "Lugano op"]
[Site "Lugano"]
[Date "1989.??.??"]
[Round "2"]
[White "Weindl, Alfred"]
[Black "Chernin, Alexander"]
[Result "0-1"]
[WhiteElo "2385"]
[BlackElo "2580"]

1.Nf3 d5 2.g3 c6 3.Bg2 Bg4 4.O-O e6 5.d3 Bd6 6.Nbd2 Nd7 7.Re1 Ne7 8.e4 O-O
9.Qe2 Re8 10.h3 Bh5 11.g4 Bg6 12.e5 Bc7 13.Nf1 c5 14.Bg5 h6 15.Bh4 Qb8 16.Bg3 Nc6
17.Rad1 b5 18.c4 Nb4 19.a3 Nxd3 20.Rxd3 Bxd3 21.Qxd3 bxc4 22.Qe2 Qb3 23.g5 Qd3
24.gxh6 Rab8 25.h7+ Qxh7 26.Ng5 Qg6 27.h4 Bd8 28.Nh3 Qd3 29.Qg4 Qd4 30.Nf4 Rxb2
31.h5 Nxe5 32.Rxe5 Qxe5 33.Nd3 Qg5 34.Qxg5 Bxg5 35.Nxb2 c3 36.Nd3 c2 37.Ne3 c4
38.Nc1 d4 39.f4 dxe3 40.fxg5 Rd8  0-1

[Event "Lugano op"]
[Site "Lugano"]
[Date "1989.??.??"]
[Round "2"]
[White "Sibilio, Mario"]
[Black "Wiedenkeller, Michael"]
[Result "1/2-1/2"]
[WhiteElo "2280"]
[BlackElo "2430"]

1.Nf3 d5 2.g3 c6 3.Bg2 Bg4 4.c4 e6 5.cxd5 exd5 6.Ne5 Bf5 7.d4 Nf6 8.Nc3 Nbd7
9.O-O Be7 10.h3 h5 11.Bf4 Nxe5 12.dxe5 Nd7 13.e4 dxe4 14.Nxe4 Bxe4 15.Bxe4 g5
16.Be3 Nxe5 17.Bd4 Bf6 18.Re1 Kf8 19.Bxe5 Bxe5 20.Bxc6  1/2-1/2

[Event "Lugano op"]
[Site "Lugano"]
[Date "1989.??.??"]
[Round "4"]
[White "Weindl, Alfred"]
[Black "Wiedenkeller, Michael"]
[Result "1/2-1/2"]
[WhiteElo "2385"]
[BlackElo "2430"]

1.Nf3 d5 2.g3 c6 3.Bg2 Bg4 4.c4 e6 5.O-O Nd7 6.cxd5 exd5 7.d3 Ngf6 8.Nbd2 Bd6
9.h3 Bxf3 10.Nxf3 O-O 11.Rb1 Re8 12.a3 a5 13.b4 axb4 14.axb4 Qb6 15.e3 c5
16.b5 Rec8 17.Bd2 c4  1/2-1/2

[Event "Lugano op"]
[Site "Lugano"]
[Date "1989.??.??"]
[Round "6"]
[White "Weindl, Alfred"]
[Black "Polaczek, Richard"]
[Result "1/2-1/2"]
[WhiteElo "2385"]
[BlackElo "2375"]

1.Nf3 d5 2.g3 Nc6 3.d4 Bf5 4.Bg2 Qd7 5.O-O Bh3 6.c4 Bxg2 7.Kxg2 e6 8.Nc3 Nf6
9.Ne5 Nxe5 10.dxe5 d4 11.Nb5 Qc6+ 12.Kg1 Qxc4 13.Nxc7+ Qxc7 14.exf6 Qd7 15.Qd3 gxf6
16.Bd2 Bg7 17.Bb4 O-O-O 18.Rfd1 Kb8 19.e3 f5 20.Bc5 b6 21.Qb3 Qd5 22.Bxd4 Qxb3
23.axb3 Bxd4 24.Rxd4 Rxd4 25.exd4 Rc8 26.Rd1 Rc2 27.d5 Rxb2 28.d6 Kc8 29.Rc1+ Kd8
30.Rc7 a5 31.Rxf7 h6 32.Rh7 Rxb3 33.Rxh6 a4 34.Rh8+ Kd7 35.Ra8 b5 36.h4 Kxd6
37.h5 Rc3 38.Rd8+ Ke5 39.Rb8 Kf6 40.Rxb5 a3 41.Ra5 Kg5 42.Kg2 Kxh5 43.Ra6 f4
44.gxf4 Kg4 45.Rxe6 Kxf4 46.Ra6 Ke4 47.Ra4+ Kd3 48.Kf3 Kc2+ 49.Ke4 Kb2 50.f4 a2
51.Rxa2+ Kxa2 52.f5 Rc8 53.f6 Rc6 54.Ke5 Rxf6 55.Kxf6  1/2-1/2

[Event "Lugano op"]
[Site "Lugano"]
[Date "1989.??.??"]
[Round "7"]
[White "Dizdar, Goran"]
[Black "Wiedenkeller, Michael"]
[Result "1/2-1/2"]
[WhiteElo "2505"]
[BlackElo "2430"]

1.Nf3 d5 2.g3 c6 3.Bg2 Bg4 4.c4 e6 5.O-O Nd7 6.cxd5 cxd5 7.Nc3 Ngf6 8.h3 Bxf3
9.Bxf3 Bd6 10.Qb3 Qb6 11.Qxb6 Nxb6 12.b3 a6 13.Bb2 Rc8 14.Rac1 Ke7 15.e3 Rhd8
16.Ne2 Rxc1 17.Rxc1 Rc8 18.Bg2 Rxc1+ 19.Nxc1 g6 20.Kf1 Nbd7 21.Ke2 Be5 22.Ba3+ Bd6
23.Bb2 Be5 24.d4 Bd6 25.g4 g5 26.Nd3 h5 27.f3 hxg4 28.hxg4 Bc7 29.Kd2 Nb8
30.Bc3 b6 31.Bf1 Nfd7 32.Kc2 f5 33.gxf5 exf5 34.Nb4 Nf6 35.Nxa6 Nxa6 36.Bxa6 g4
37.f4 Ne4 38.Be1 Kd7 39.Bb5+ Kd6 40.Kd1 Bd8 41.Ke2 Bh4 42.Bb4+ Ke6 43.Bd3 Ng3+
44.Kd1 Ne4 45.Bf1 Kd7 46.a4 Bd8 47.Be1 Nd6 48.Ba6 Kc7 49.Ke2 Kd7 50.Bb4 Bc7
51.Bd3 Ke6 52.Be1 Bd8 53.Kd2 Kd7 54.Kd1 Ke6 55.Kc2 Kd7 56.Bb4 Ne4 57.Bxe4 dxe4
58.Be1 Kc6 59.Kc3 b5 60.Kb4 Be7+ 61.Ka5 Bd8+ 62.Kb4 Be7+ 63.Kc3 Bd8 64.Bf2 Kb6
65.Bg3 Bf6 66.Kb4 Be7+ 67.Kc3 Bf6 68.Bf2 Bd8 69.Be1 Be7 70.Kc2 b4 71.Kd1 Kc6
72.Ke2 Kd5 73.Bd2 Kc6 74.Kf2 Kd5 75.Kg3 Kc6 76.Be1 Kb6 77.d5 Kc5 78.d6 Bxd6
79.Kh4 Kd5 80.Kg5 Ke6 81.a5 Be7+ 82.Kg6 Bc5 83.Bd2 g3 84.Be1 g2 85.Bf2 Bd6
86.a6 Bc5 87.Kg5 Be7+ 88.Kh5 Bc5 89.Kg6 Bb6 90.Kg5 Bd8+ 91.Kh5 Bb6 92.Kh4 Kd7
93.Kh3 Kc6 94.Kxg2 Bd8 95.Kh3 Be7 96.Bh4 Bc5 97.Bf2  1/2-1/2

[Event "Luzern"]
[Site "Luzern"]
[Date "1989.??.??"]
[Round "?"]
[White "Landenbergue, Claude"]
[Black "Miralles, Gilles"]
[Result "0-1"]
[WhiteElo "2345"]
[BlackElo "2445"]

1.Nf3 d5 2.g3 Nf6 3.Bg2 g6 4.c4 Bg7 5.cxd5 Nxd5 6.Nc3 Nb6 7.d4 O-O 8.O-O Nc6
9.e3 Re8 10.d5 Na5 11.Nd4 Bd7 12.e4 c6 13.b3 c5 14.Nde2 e6 15.Bb2 exd5 16.exd5 Bg4
17.Qd2 Nac4 18.bxc4 Nxc4 19.Qc2 Bxe2 20.Nxe2 Nxb2 21.Rab1 Qf6 22.Nf4 c4 23.d6 Rad8
24.Nd5 Qd4 25.Nc7 Rf8 26.Rfe1 Qxd6 27.Nd5 Rfe8 28.h4 Rxe1+ 29.Rxe1 Nd3 30.Re7 b5
31.Qe2 Bd4 32.Qf3 Rf8 33.Kh2 Nxf2 34.Rc7 Kg7 35.h5 Qe6 36.Nf4 Qf5 37.a4 a6
38.Qe2 Kg8 39.Rb7 Ng4+ 40.Kh1 Qb1+ 41.Qf1  0-1

[Event "Lyngby op"]
[Site "Lyngby"]
[Date "1989.??.??"]
[Round "1"]
[White "Kristiansen, Jens"]
[Black "Sorensen, Torben"]
[Result "1-0"]
[WhiteElo "2405"]
[BlackElo "2345"]

1.Nf3 d5 2.g3 c5 3.Bg2 Nc6 4.O-O e6 5.d3 Nf6 6.Nbd2 Be7 7.e4 O-O 8.Re1 b5
9.e5 Nd7 10.Nf1 a5 11.h4 b4 12.Bf4 Ba6 13.Ne3 a4 14.a3 Bb5 15.h5 Rc8 16.Ng4 c4
17.d4 c3 18.bxc3 bxa3 19.h6 g6 20.Bc1 Na5 21.Bxa3 Bxa3 22.Rxa3 Qe7 23.Ra1 a3
24.Qb1 Rb8 25.Qb4 Qxb4 26.cxb4 Nc4 27.Bf1 f5 28.Nf6+ Nxf6 29.exf6 Nd6 30.Rxe6 Nf7
31.Bxb5 Rxb5 32.Rxa3 Nxh6 33.c3 Ng4 34.Raa6 Rb7 35.Ne5 Rc8 36.Rac6 Ra8 37.Nxg4 fxg4
38.Red6  1-0

[Event "RLPF-ch"]
[Site "Manderscheid"]
[Date "1989.??.??"]
[Round "5"]
[White "Appel, Ralf"]
[Black "Elsen, Mark"]
[Result "1-0"]
[WhiteElo "2320"]
[BlackElo "2215"]

1.Nf3 d5 2.g3 Nf6 3.Bg2 Bg4 4.O-O Nbd7 5.c4 c6 6.d4 e6 7.Nbd2 Be7 8.b3 O-O
9.Bb2 a5 10.a3 Bxf3 11.Bxf3 a4 12.b4 b5 13.c5 Qc7 14.Bg2 e5 15.e4 dxe4 16.dxe5 Nxe5
17.Nxe4 Nxe4 18.Bxe4 Nc4 19.Bxg7 Kxg7 20.Qg4+ Bg5 21.Qxg5+ Kh8 22.Qf6+ Kg8
23.Rfe1 Rae8 24.Bxc6  1-0

[Event "Mendrisio op"]
[Site "Mendrisio"]
[Date "1989.??.??"]
[Round "6"]
[White "Weindl, Alfred"]
[Black "Sher, Miron N"]
[Result "1/2-1/2"]
[WhiteElo "2350"]
[BlackElo "2470"]

1.Nf3 d5 2.g3 c6 3.Bg2 Bg4 4.O-O Nd7 5.d3 e6 6.Nbd2 Bd6 7.e4 Ne7 8.Qe1 O-O
9.Kh1 Kh8 10.Ng1 f5 11.f4 h6 12.Ndf3 Qe8 13.Bd2 dxe4 14.dxe4 e5 15.fxe5 Nxe5
16.Nxe5 Bxe5 17.Nf3 Bxb2 18.Rb1 fxe4 19.Qxe4 Bf5 20.Qe3 Bf6 21.Rxb7  1/2-1/2

[Event "Mendrisio op"]
[Site "Mendrisio"]
[Date "1989.??.??"]
[Round "8"]
[White "Vukic, Milan"]
[Black "Bellini, Fabio"]
[Result "1/2-1/2"]
[WhiteElo "2500"]
[BlackElo "2330"]

1.Nf3 d5 2.g3 Nf6 3.Bg2 c6 4.b3 Bf5 5.Bb2 e6 6.O-O h6 7.d3 Be7 8.Nbd2 O-O
9.Qe1 a5 10.e4 Bh7 11.a4 Na6 12.Qe2 Nb4 13.Ne1 Qb6 14.Kh1 Rad8 15.e5 Nd7
16.f4 Qa6 17.Ndf3 c5 18.Nd2 Rfe8 19.Rf3 Bf8 20.Qf1 Nb6 21.c3 Nc6 22.Qe2 c4
23.dxc4 dxc4 24.bxc4 Ne7 25.Bf1 Rxd2 26.Qxd2 Be4 27.Qe2 Bxf3+ 28.Nxf3 Rc8
29.Nd2 Nxa4 30.Ba3 Nf5 31.Bxf8 Kxf8 32.g4 Nh4 33.Ne4 Qc6 34.Kg1 Qb6+ 35.Qf2 Qxf2+
36.Kxf2 Nc5 37.Nxc5 Rxc5 38.Rb1 g5 39.Rxb7 gxf4 40.Rb8+ Ke7 41.Rb7+ Kd8 42.Rxf7 Ng6
43.Rf6 Nxe5 44.Rxf4 Ke7 45.Ke3 a4 46.Kd2 a3 47.Kc2 a2 48.Kb2 Ra5 49.Ka1 Ra3
50.h3 Kd6 51.Rf6 Ke7 52.Rf4 Kd6 53.Rf2 Rxc3 54.Kxa2 Nxc4  1/2-1/2

[Event "Muenster op"]
[Site "Muenster"]
[Date "1989.??.??"]
[Round "5"]
[White "Gutman, Lev"]
[Black "Stoeckmann, Helmut"]
[Result "1-0"]
[WhiteElo "2535"]
[BlackElo "2220"]

1.Nf3 d5 2.g3 Nc6 3.d4 Bg4 4.Bg2 e6 5.O-O Be7 6.c4 Bf6 7.Nbd2 Nge7 8.h3 Bxf3
9.Nxf3 O-O 10.cxd5 exd5 11.Qd3 Nc8 12.Bf4 Re8 13.Qb5 Nb6 14.Rfd1 Ne7 15.Be5 c6
16.Qd3 Nec8 17.Bxf6 Qxf6 18.b3 Nd6 19.Nd2 Re7 20.e3 Rae8 21.Re1 Nd7 22.Rac1 Qh6
23.Nf1 f5 24.Rc2 g5 25.Rce2 Qf6 26.f3 Re6 27.g4 f4 28.e4 Qg6 29.Nd2 Nf6 30.Qb1 dxe4
31.fxe4 Nd5 32.e5 Nc3 33.Qxg6+ Rxg6 34.Rf2 Ndb5 35.Ne4 Nd5 36.Rd2 Nbc7 37.Kf2 Rb8
38.Nd6 Re6 39.Be4 Rh6 40.Rh1 Re6 41.h4 gxh4 42.Rxh4 Re7 43.Bf5 Ne6 44.Bxe6+ Rxe6
45.Kf3 Re7 46.Nf5 Rc7 47.Rh5 Re8 48.Rg5+ Kh8 49.Nd6 Rf8 50.Rh2 c5 51.e6  1-0

[Event "Muenster op"]
[Site "Muenster"]
[Date "1989.??.??"]
[Round "8"]
[White "Gutman, Lev"]
[Black "Simon, Ralf Axel"]
[Result "1-0"]
[WhiteElo "2535"]
[BlackElo "2320"]

1.Nf3 d5 2.g3 Nf6 3.Bg2 Nbd7 4.O-O e5 5.c4 c6 6.cxd5 cxd5 7.b3 Bd6 8.d4 e4
9.Nh4 Nf8 10.f3 Ng6 11.Bg5 Be7 12.Nc3 exf3 13.Bxf3 Be6 14.Qd3 Qd7 15.Rad1 Ng8
16.Bxe7 N8xe7 17.Ng2 Rd8 18.h4 h5 19.Qb5 Qc6 20.Ne3 a6 21.Qxc6+ bxc6 22.Na4 Bh3
23.Rfe1 f5 24.Kh2 Bg4 25.Nc5 f4 26.Nxg4 hxg4 27.Bxg4 Nf8 28.gxf4 Rxh4+ 29.Kg3 Rh6
30.Rh1 Kf7 31.Nxa6 Rxh1 32.Rxh1 Ne6 33.e3 g6 34.Bxe6+ Kxe6 35.Nc5+ Kf6 36.Kf3 Re8
37.Nd7+ Ke6 38.Ne5 Ra8  1-0

[Event "New York op"]
[Site "New York"]
[Date "1989.??.??"]
[Round "4"]
[White "Dorfman, Josif D"]
[Black "Stefansson, Hannes"]
[Result "1/2-1/2"]
[WhiteElo "2565"]
[BlackElo "2480"]

1.Nf3 d5 2.g3 c5 3.Bg2 g6 4.O-O Bg7 5.d4 cxd4 6.Nxd4 e5 7.Nb3 Ne7 8.e4 d4
9.c3 Nbc6 10.cxd4 exd4 11.Nc5 b6 12.Nd3 Ba6 13.Re1 O-O 14.Bf1 Rc8 15.Nd2 Bxd3
16.Bxd3 Nb4 17.Nf3 Nec6 18.a3 Nxd3 19.Qxd3 Qd6 20.Bd2 f5 21.Bf4 Qd7 22.Rac1 fxe4
23.Rxe4 Qd5 24.Rce1 b5 25.Ng5 Rf5 26.Re8+ Rxe8 27.Rxe8+ Rf8 28.Rxf8+ Bxf8
29.h4 Be7 30.Nf3 Kf7 31.h5 Qc4 32.Qe4 Bf6 33.Ng5+ Bxg5 34.Bxg5 Qe6 35.Qf3+ Ke8
36.Bf4 Kd7 37.Kg2 a6 38.hxg6 hxg6 39.g4 Kc8 40.Kg3 Kb7 41.b4 Kb6 42.Qd3 a5
43.bxa5+ Nxa5 44.f3 Nc4 45.Qc2 Nxa3  1/2-1/2

[Event "New York op"]
[Site "New York"]
[Date "1989.??.??"]
[Round "4"]
[White "Dizdar, Goran"]
[Black "Chernin, Alexander"]
[Result "1-0"]
[WhiteElo "2505"]
[BlackElo "2580"]

1.Nf3 d5 2.g3 c6 3.Bg2 Bg4 4.c4 e6 5.O-O Nd7 6.cxd5 exd5 7.d3 Ngf6 8.Nc3 Bc5
9.Qb3 Qc8 10.Bf4 O-O 11.Na4 Nh5 12.Bd2 Bd6 13.Rac1 Nhf6 14.Nd4 Be5 15.Nf3 Bc7
16.Rfe1 Re8 17.Nd4 Be5 18.Nf3 Bc7 19.a3 h5 20.Qc2 Ne5 21.Nd4 Bh3 22.Bg5 Nh7
23.Bf4 Bxg2 24.Kxg2 h4 25.b4 a6 26.Nc5 Nf8 27.e4 Nfg6 28.Bxe5 Nxe5 29.f4 Nd7
30.e5 a5 31.Nxd7 Qxd7 32.b5 c5 33.Qxc5 Rec8 34.b6 Bxe5 35.Qb5 Qxb5 36.Nxb5 Bf6
37.Nc7 Bb2 38.Rb1 Bxa3 39.Nxa8 Rxa8 40.Re5 d4  1-0

[Event "NLD-chJ"]
[Site "?"]
[Date "1989.??.??"]
[Round "1"]
[White "Bosman, Michiel"]
[Black "Segers, Reinoud"]
[Result "0-1"]
[WhiteElo "2330"]
[BlackElo "2245"]

1.Nf3 d5 2.g3 Nf6 3.Bg2 Bf5 4.O-O c6 5.d3 h6 6.Nbd2 e6 7.Qe1 Bh7 8.b3 Be7
9.Bb2 O-O 10.e4 a5 11.a4 Na6 12.Qe2 Nb4 13.Ne1 Qb8 14.e5 Nd7 15.f4 b5 16.g4 bxa4
17.Rxa4 Nc5 18.Ra1 Nxc2 19.Nxc2 Bxd3 20.Qe3 Bxc2 21.Rfc1 Nxb3 22.Rxc2 Nxa1
23.Bxa1 c5 24.Rc1 a4 25.h4 a3 26.f5 Bxh4 27.Nf3 Bg3 28.Bf1 Ra4 29.Qxc5 Rxg4
30.Bg2 Rc4 31.Rxc4 dxc4 32.Qxa3 Qb1+ 33.Bf1 Qxf5 34.Bd4 Rd8 35.Qe3 Bf4 36.Qf2 Qg4+
37.Bg2 Bg3 38.Qe3 Rb8 39.Qc1 Rc8 40.Qc2 h5 41.Be3 Rd8  0-1

[Event "Novi Sad op"]
[Site "Novi Sad"]
[Date "1989.??.??"]
[Round "4"]
[White "Laketic, Gojko"]
[Black "Miranovic, Rajko"]
[Result "0-1"]
[WhiteElo "2405"]
[BlackElo "2305"]

1.Nf3 d5 2.g3 Nf6 3.Bg2 Bf5 4.c4 c6 5.b3 e6 6.O-O Nbd7 7.Bb2 Bc5 8.d3 h6
9.Nbd2 O-O 10.a3 a5 11.Bc3 Qe7 12.b4 axb4 13.axb4 Bxb4 14.Bxb4 Qxb4 15.Rb1 Qd6
16.Rxb7 Nc5 17.Rb1 Nxd3 18.exd3 Bxd3 19.Re1 Bxb1 20.Qxb1 Rfb8 21.Qc2 Qa3
22.cxd5 cxd5 23.Qc7 Rc8 24.Qe5 Qc3 25.Qf4 Ra2 26.Bh3 g5 27.Qd6 g4 28.Bxg4 Nxg4
29.Rxe6 Rxd2 30.Nxd2 Qxd2 31.Rg6+ Kh7 32.Rf6 Qe1+ 33.Kg2 Nxf6  0-1

[Event "Novi Sad op"]
[Site "Novi Sad"]
[Date "1989.??.??"]
[Round "5"]
[White "Keca, Dragomir"]
[Black "Filipenko, Alexander V"]
[Result "0-1"]
[WhiteElo "2250"]
[BlackElo "2380"]

1.Nf3 d5 2.g3 c6 3.Bg2 Bf5 4.O-O e6 5.d3 Nf6 6.c4 h6 7.b3 Be7 8.Bb2 O-O 9.Nbd2 a5
10.a3 Bh7 11.Rc1 Nbd7 12.Rc2 Re8 13.Qa1 c5 14.cxd5 exd5 15.a4 Nb8 16.Ne5 Na6
17.Bh3 Nb4 18.Rcc1 Bd6 19.f4 Re7 20.Bc3 Qb6 21.Kh1 Rae8 22.Ndf3 Qa6 23.Qb2 d4
24.Bxb4 axb4 25.Rf2 Qa8 26.Kg1 Qd8 27.Qc2 Nd5 28.Qc4 Nc3 29.Re1 Qc7 30.Bg4 Kh8
31.Nh4 g5 32.Nf5 Bxf5 33.Bxf5 gxf4 34.gxf4 Bxe5 35.fxe5 Rg8+ 36.Kf1 Qxe5
37.e4 Qg7  0-1

[Event "Novosibirsk"]
[Site "Novosibirsk"]
[Date "1989.??.??"]
[Round "?"]
[White "Makarov, Marat"]
[Black "Komarov, Dimitri"]
[Result "1/2-1/2"]
[WhiteElo "2505"]
[BlackElo "2390"]

1.Nf3 d5 2.g3 c6 3.Bg2 Bg4 4.c4 e6 5.Ne5 Bh5 6.cxd5 cxd5 7.Qa4+ Nd7 8.Nc3 Bd6
9.d4 Ne7 10.Bf4 Bxe5 11.Bxe5 O-O 12.Bf4 Nc6 13.Rd1 a6 14.Qc2 Rc8 15.Qd2 Nb6  1/2-1/2

[Event "Novosibirsk"]
[Site "Novosibirsk"]
[Date "1989.??.??"]
[Round "?"]
[White "Makarov, Marat"]
[Black "Baburin, Alexander"]
[Result "1/2-1/2"]
[WhiteElo "2505"]
[BlackElo "2415"]

1.Nf3 d5 2.g3 Nf6 3.Bg2 c5 4.O-O Nc6 5.c4 d4 6.e3 e5 7.exd4 exd4 8.d3 Be7
9.Na3 O-O 10.Re1 Bd6 11.Bg5 h6 12.Bxf6 Qxf6 13.Nd2 Qd8 14.Ne4 Be7  1/2-1/2

[Event "Novosibirsk"]
[Site "Novosibirsk"]
[Date "1989.??.??"]
[Round "?"]
[White "Makarov, Marat"]
[Black "Vekshenkov, Nikolai"]
[Result "1-0"]
[WhiteElo "2505"]
[BlackElo "2295"]

1.Nf3 d5 2.g3 Nf6 3.Bg2 e6 4.O-O Be7 5.b3 c5 6.c4 Nc6 7.e3 Ne4 8.Bb2 Bf6
9.Qc1 dxc4 10.bxc4 O-O 11.Rd1 Qb6 12.Bxf6 Nxf6 13.Nc3 Bd7 14.d4 cxd4 15.exd4 Rac8
16.Rb1 Qa6 17.Bf1 b6 18.c5 Qb7 19.Qa3 Rb8 20.Bg2 Na5 21.Ne5 Qc7 22.Ne4 Nxe4
23.Bxe4 f6 24.Nxd7 Qxd7 25.d5 exd5 26.Bxd5+ Kh8 27.cxb6 axb6 28.Rxb6 Nc4
29.Rxb8 Rxb8 30.Qc1 Ne5 31.Bg2 Qa7 32.Qd2 g6 33.h3 Kg7 34.Rc1 Qb6 35.Qc3 h5
36.a4 Kh6 37.a5 Qa7 38.Qe3+ Qxe3 39.fxe3 Rb3 40.Ra1 Rxe3 41.a6 Nc4 42.a7 Nb6
43.Ra6  1-0

[Event "GMA Baleares Open"]
[Site "Palma de Mallorca"]
[Date "1989.??.??"]
[Round "2"]
[White "Kirov, Nino"]
[Black "Kupreichik, Viktor D"]
[Result "1-0"]
[WhiteElo "2470"]
[BlackElo "2520"]

1.Nf3 d5 2.g3 c5 3.Bg2 Nc6 4.d4 cxd4 5.Nxd4 e5 6.Nxc6 bxc6 7.O-O Be6 8.c4 Qd7
9.Qa4 Rb8 10.a3 Bd6 11.Nc3 Ne7 12.Rd1 d4 13.Ne4 f5 14.Nxd6+ Qxd6 15.Qxa7 Bxc4
16.Bg5 Rc8 17.f4 Qd7 18.Qxd7+ Kxd7 19.fxe5 c5 20.Rd2 Nc6 21.Rc1 Na5 22.b4 cxb4
23.Rxd4+ Ke6 24.axb4 Nb3 25.Rd6+  1-0

[Event "GMA Baleares Open"]
[Site "Palma de Mallorca"]
[Date "1989.??.??"]
[Round "2"]
[White "Spassov, Liuben"]
[Black "Ruban, Vadim"]
[Result "1/2-1/2"]
[WhiteElo "2370"]
[BlackElo "2515"]

1.Nf3 d5 2.g3 c6 3.Bg2 Bg4 4.O-O Nd7 5.d3 e6 6.c4 Ngf6 7.Nc3 Be7 8.h3 Bxf3
9.exf3 O-O 10.f4 Nb6 11.b3 Qd7 12.Qe2 Rfd8 13.Rd1 Ne8 14.Rb1 Bf6 15.Bb2 Nc7
16.b4 Nc8 17.Na4 Bxb2 18.Nc5 Qe7 19.Rxb2 Nd6 20.Nb3 Nf5 21.a3 Ne8 22.Rbb1 Ned6
23.Rbc1 g6 24.h4 h5 25.Bh3 Ng7 26.Bg2 Ndf5 27.Qe5 Rac8 28.Bh3 b6 29.Bg2 a5
30.c5 axb4 31.axb4 Qb7 32.Qc3 Ne7 33.Ra1 Ra8 34.Bh3 Rdb8 35.Nd4 bxc5 36.bxc5 Nef5
37.Nxf5 exf5  1/2-1/2

[Event "GMA Baleares Open"]
[Site "Palma de Mallorca"]
[Date "1989.??.??"]
[Round "3"]
[White "Damljanovic, Branko"]
[Black "Radulov, Ivan"]
[Result "1/2-1/2"]
[WhiteElo "2555"]
[BlackElo "2450"]

1.Nf3 d5 2.g3 c5 3.Bg2 Nc6 4.O-O e5 5.d3 Bd6 6.Nc3 Nge7 7.e4 d4 8.Nd5 O-O
9.c4 f6 10.Ne1 Be6 11.Bd2 Qd7 12.a3 Bh3 13.Rb1 Bxg2 14.Kxg2 Nxd5 15.cxd5 Ne7
16.b4 cxb4 17.axb4 Rac8 18.Qb3 Rc7 19.Nf3 b5 20.Ra1 Nc8 21.Rfc1 Rxc1 22.Rxc1 Nb6
23.h4 Rc8 24.Rh1 h5 25.Nh2 g6 26.Qd1 f5 27.Nf3 fxe4 28.dxe4 Qg4 29.Qb1 Rf8
30.Qd3 Nc4 31.Ng5 Nxd2 32.Qxd2 Be7 33.f3 Bxg5 34.Qe2 Qc8 35.hxg5 Qc3 36.Rf1 Qxb4
37.Qa2 Rf7 38.Qa6 Qd2+ 39.Rf2 Qxg5 40.Qc8+ Kg7 41.d6 h4 42.g4 Qf6 43.d7 Rf8
44.f4 h3+ 45.Kxh3 Rh8+ 46.Qxh8+ Kxh8 47.Rc2 Kg7 48.Rc8 Qxf4 49.d8=Q Qf3+
50.Kh2 Qf2+  1/2-1/2

[Event "GMA Baleares Open"]
[Site "Palma de Mallorca"]
[Date "1989.??.??"]
[Round "5"]
[White "Vukic, Milan"]
[Black "Chernin, Alexander"]
[Result "1/2-1/2"]
[WhiteElo "2500"]
[BlackElo "2580"]

1.Nf3 d5 2.g3 c6 3.Bg2 Bg4 4.b3 Nd7 5.Bb2 Ngf6 6.O-O e6 7.c4 Bd6 8.d4 Qb8
9.Nbd2 O-O 10.Re1 b5 11.c5 Bc7 12.Qc1 Rd8 13.a3 a5 14.e4 dxe4 15.Nxe4 Nxe4
16.Rxe4 Bxf3 17.Bxf3  1/2-1/2

[Event "GMA Baleares Open"]
[Site "Palma de Mallorca"]
[Date "1989.??.??"]
[Round "7"]
[White "Kirov, Nino"]
[Black "Kovacevic, Vlatko"]
[Result "0-1"]
[WhiteElo "2470"]
[BlackElo "2515"]

1.Nf3 d5 2.g3 c6 3.Bg2 Bg4 4.c4 e6 5.cxd5 exd5 6.h3 Bxf3 7.Bxf3 Qd7 8.d3 Na6
9.a3 f5 10.b4 Nf6 11.Bb2 Be7 12.Qb3 Nc7 13.Nc3 Ne6 14.e3 O-O 15.Ne2 Rae8
16.Nf4 Bd8 17.O-O g5 18.Nxe6 Qxe6 19.b5 f4 20.exf4 Qxh3 21.fxg5 Bb6 22.Bxf6 Qxg3+
23.Bg2 Re2 24.Qb4 Bxf2+ 25.Kh1 Bc5 26.Rg1 Rxg2 27.Rxg2 Qh3+ 28.Rh2 Qf3+ 29.Rg2 Bxb4
30.axb4 Re8  0-1

[Event "GMA Baleares Open"]
[Site "Palma de Mallorca"]
[Date "1989.??.??"]
[Round "8"]
[White "Dlugy, Maxim"]
[Black "Sveshnikov, Evgeny"]
[Result "1-0"]
[WhiteElo "2530"]
[BlackElo "2485"]

1.g3 d5 2.Nf3 Nf6 3.Bg2 c6 4.O-O Bf5 5.d3 e6 6.c4 dxc4 7.dxc4 Nbd7 8.Nc3 Bb4
9.Nd4 Bg6 10.Qb3 a5 11.Na4 O-O 12.a3 Nc5 13.Qd1 Nxa4 14.axb4 Nb6 15.b5 c5
16.Nb3 Qxd1 17.Rxd1 Bc2 18.Rd3 Nxc4 19.Bxb7 Rab8 20.Ba6 Nd5 21.Rxd5 exd5
22.Nxc5 Rbe8 23.Kf1 Bd1 24.e3 f5 25.b3 Nb6 26.Bd2 Bf3 27.Bb7 f4 28.gxf4 Rf6
29.Nd3 Rh6 30.Ne1 Be4 31.Bxa5 Rb8 32.Bc6 Rxh2 33.f3 Bf5 34.Bc3 d4  1-0

[Event "Paris op-1"]
[Site "Paris"]
[Date "1989.??.??"]
[Round "?"]
[White "Lagane, C."]
[Black "Condamine, JP."]
[Result "1-0"]
[WhiteElo "2060"]
[BlackElo "1810"]

1.Nf3 d5 2.g3 c5 3.d4 e6 4.Bg2 Nf6 5.O-O Nc6 6.c4 cxd4 7.Nxd4 Be7 8.Nc3 O-O
9.cxd5 exd5 10.Bg5 Be6 11.Nxe6 fxe6 12.Bh3 Qd7 13.Qa4 Ne8 14.Bf4 Bf6 15.Rad1 Qe7
16.e4 dxe4 17.Nxe4 e5 18.Be3 Qf7 19.Rd7 b5 20.Qxb5 Ne7 21.Qb7  1-0

[Event "Paris op-1"]
[Site "Paris"]
[Date "1989.??.??"]
[Round "?"]
[White "Gochev, Mladen"]
[Black "D'Amade, P."]
[Result "1-0"]
[WhiteElo "2360"]
[BlackElo "1700"]

1.g3 d5 2.Nf3 Nf6 3.Bg2 Bf5 4.c4 e6 5.O-O h6 6.Qb3 dxc4 7.Qxb7 Nbd7 8.Nc3 Bc5
9.Qa6 Rb8 10.Qxc4 O-O 11.Qa4 Qe7 12.d3 Rfd8 13.Nd4 Bxd4 14.Qxd4 Nb6 15.Qf4 Nbd5
16.Nxd5 Nxd5 17.Qa4 c5 18.e4 Nb6 19.Qa3 Bh7 20.Be3 Rbc8 21.Rac1 Qd7 22.Bxc5 Qxd3
23.Qxd3 Rxd3 24.Bxb6 Rxc1  1-0

[Event "Paris-ch"]
[Site "Paris"]
[Date "1989.??.??"]
[Round "6"]
[White "Spraggett, Kevin"]
[Black "Chernin, Alexander"]
[Result "0-1"]
[WhiteElo "2575"]
[BlackElo "2580"]

1.g3 d5 2.Nf3 c6 3.b3 Bg4 4.Bg2 Nd7 5.Bb2 e6 6.O-O Ngf6 7.d3 Bd6 8.Nbd2 O-O
9.Qe1 Re8 10.e4 e5 11.Nh4 Nf8 12.h3 Bh5 13.exd5 Nxd5 14.Ndf3 Qd7 15.c4 Nb4
16.Qe4 Bc7 17.Rad1 Rad8 18.a3 Nc2 19.b4 f6 20.c5 Nd4 21.Qe3 g5 22.Nxg5 fxg5
23.Qxg5+ Bg6 24.Nxg6 Nxg6 25.h4 Qe7 26.Qh5 Qf6 27.Be4 Rd7 28.Bc1 Rf7 29.Kh1 Qe6
30.Kg2 Ref8 31.Bh6 Rf5 32.Bg5 Bd8 33.Rde1 Bxg5 34.hxg5 Nf3 35.Re3 Rxg5  0-1

[Event "POL-ch (Women)"]
[Site "Poznan"]
[Date "1989.??.??"]
[Round "7"]
[White "Bos Swiecik, Iwona"]
[Black "Lissowska, Anna"]
[Result "0-1"]
[WhiteElo "2240"]
[BlackElo "2145"]

1.Nf3 d5 2.g3 c6 3.Bg2 Bg4 4.O-O Nf6 5.d4 Nbd7 6.c3 e6 7.Bg5 Be7 8.Nbd2 h6
9.Bxf6 Nxf6 10.Ne5 Bf5 11.Re1 O-O 12.e4 Bh7 13.exd5 cxd5 14.f4 Rc8 15.g4 Ne8
16.Qe2 Nd6 17.f5 exf5 18.Bxd5 Rc7 19.Rf1 Kh8 20.gxf5 Bg5 21.Ndf3 Nxf5 22.Nxg5 Qxg5+
23.Kh1 f6 24.Nf3 Ng3+ 25.hxg3 Qxd5 26.Kh2 Qh5+ 27.Kg2 Re8 28.Qd2 Rce7 29.Rae1 Be4
30.Re3 g5 31.Kg1 Kg7 32.c4 Qh3 33.Qh2 Qg4 34.d5 Bxf3 35.Rexf3 Re2 36.R1f2 Qxc4
37.Rxf6 Re1+ 38.Rf1 Qd4+ 39.Rf2 Qxd5 40.Qh3 Rxf1+ 41.Qxf1 Qxa2 42.Qd3 Qe6
43.Qd4+ Qe5 44.Qd3 Qe1+ 45.Kg2 Qe4+ 46.Qxe4 Rxe4 47.Kf3 Rb4 48.Rd2 Kf6 49.Rd6+ Kf5
50.Rd5+ Ke6 51.Rd2 h5 52.Rh2 Kf5 53.Rd2 Rb3+ 54.Kg2  0-1

[Event "Prague Vysehrad"]
[Site "Prague"]
[Date "1989.??.??"]
[Round "1"]
[White "Bojczuk, Zygmunt"]
[Black "Netusil, Miroslav"]
[Result "1-0"]
[WhiteElo "2345"]
[BlackElo "2320"]

1.Nf3 d5 2.g3 Bg4 3.Bg2 Nf6 4.O-O Nbd7 5.c4 c6 6.b3 e5 7.Bb2 e4 8.Ne1 Be7
9.cxd5 cxd5 10.d3 O-O 11.Nc3 Nc5 12.b4 Nxd3 13.Nxd3 exd3 14.Qxd3 Bxb4 15.Nxd5 Nxd5
16.Bxd5 Qb6 17.Rab1 Qc5 18.Rfc1 Bxe2 19.Qxe2 Qxd5 20.Qg4  1-0

[Event "CSR-ch int"]
[Site "Prague"]
[Date "1989.??.??"]
[Round "3"]
[White "Meduna, Eduard"]
[Black "Horvath, Jozsef"]
[Result "1/2-1/2"]
[WhiteElo "2485"]
[BlackElo "2510"]

1.Nf3 d5 2.g3 c5 3.Bg2 Nc6 4.d4 e6 5.O-O Nf6 6.c4 Be7 7.cxd5 exd5 8.dxc5 Bxc5
9.Bg5 Be6 10.Nc3 O-O 11.Bxf6 Qxf6 12.Nxd5 Qxb2 13.Nc7 Rad8 14.Qc1 Qxc1 15.Raxc1  1/2-1/2

[Event "Prague Meta"]
[Site "Prague"]
[Date "1989.??.??"]
[Round "3"]
[White "Zalesky, J."]
[Black "Kohout, Vratislav"]
[Result "1/2-1/2"]
[WhiteElo "2135"]
[BlackElo "2125"]

1.Nf3 d5 2.g3 c6 3.Bg2 Nf6 4.d3 Bf5 5.O-O Nbd7 6.Nh4 Bg6 7.Nd2 e5 8.Qe1 Bc5
9.h3 O-O 10.e4 Re8 11.Kh2 a5 12.a4 Qc7 13.Qe2 Nf8 14.Nb3 Bb6 15.Bd2 Ne6 16.Rae1 Rad8
17.c3 Bh5 18.Bf3 Bxf3 19.Qxf3 dxe4 20.dxe4 Nc5 21.Nxc5 Rxd2 22.b4 Red8 23.Nf5 axb4
24.cxb4 Bxc5 25.bxc5 Qa5 26.Nd6 Qxa4 27.g4 Qa2 28.Ra1 Qe6 29.Ra7 Ne8  1/2-1/2